000 00301nam a2200133 i 4500
001 bg
100 1 _aKOLACEWSKIJ, W. N.
245 0 _aMagnitnyje sumy /
_cW.N. Kolacewskij.
260 _aMoskwa,
_c1971.
040 _cBPK
041 _apol
942 _cKS
008 s pl f |000 0 pol
999 _c14536
_d14536
856 _uhttp://koha.tu.koszalin.pl/cgi-bin/koha/opac-detail.pl?biblionumber=14536
_yKatalog online BPK